Le catholicisme de Saint Augustin / (Record no. 30701)

MARC details
000 -LEADER
campo de control de longitud fija 00731nam a2200217 i 4500
001 - NÚMERO DE CONTROL
campo de control 30701
003 - IDENTIFICADOR DE NÚMERO DE CONTROL
campo de control ES-MaACL
005 - FECHA Y HORA DE LA ÚLTIMA TRANSACCIÓN
campo de control 20230906154235.0
007 - CAMPO FIJO DE DESCRIPCIÓN FÍSICA--INFORMACIÓN GENERAL
campo de control de longitud fija t|
008 - DATOS DE LONGITUD FIJA--INFORMACIÓN GENERAL
campo de control de longitud fija 030127s1929 fr ||||1| fre d
100 1# - ENTRADA PRINCIPAL--NOMBRE DE PERSONA
Nombre de persona Batiffol, Pierre.
9 (RLIN) 26425
245 13 - MENCIÓN DEL TÍTULO
Título Le catholicisme de Saint Augustin /
Mención de responsabilidad, etc. Pierre Batiffol.
250 ## - MENCION DE EDICION
Mención de edición 5eme ed.
260 ## - PUBLICACIÓN, DISTRIBUCIÓN, ETC.
Lugar de publicación, distribución, etc. París :
Nombre del editor, distribuidor, etc. J. Gabalda,
Fecha de publicación, distribución, etc. 1929 (
Fabricante Firmin Didot)
300 ## - DESCRIPCIÓN FÍSICA
Extensión VIII, 555 p. ;
Dimensiones 18 cm.
490 1# - MENCIÓN DE SERIE
Mención de serie Le catholicisme des origines à Saint Léon ;
Designación de volumen o secuencia 3
600 04 - PUNTO DE ACCESO ADICIONAL DE MATERIA--NOMBRE DE PERSONA
Nombre de persona Agustín
Títulos y otros términos asociados al nombre Santo, Obispo de Hipona-
Subdivisión general Crítica e interpretación.
9 (RLIN) 18918
830 0# - PUNTO DE ACCESO ADICIONAL DE SERIE-TÍTULO UNIFORME
Título uniforme Le catholicisme des origines à Saint Léon ;
Designación de volumen o secuencia 3
9 (RLIN) 181364
852 ## - LOCALIZACIÓN
Ubicación ES-MaACL
Número de control de estantería D-4680
Sublocalización o colección R.29582
Holdings
Estatus retirado Estado de pérdida Estado de daño No para préstamo Biblioteca de origen Biblioteca actual Ubicación en estantería Fecha de adquisición Fuente de adquisición Total de préstamos Signatura topográfica completa Código de barras Visto por última vez Precio de reemplazo Tipo de ítem Koha
        Biblioteca del Ateneo de Madrid Biblioteca del Ateneo de Madrid Sala Valle Inclán 17/01/2008     D-4680 901031707 23/02/2023 23/02/2023 Libro impreso